[Event "SA-2020-0-00720"]
[Site "LSS email"]
[Date "2020.04.04"]
[Round "?"]
[White "Silva Filho, Alcindo Luz Bastos"]
[Black "Schleef, Harald"]
[Result "1/2-1/2"]
[WhiteElo "2142"]
[BlackElo "2005"]
[PlyCount "103"]
[EventDate "2020.02.23"]
[EventType "tourn (corr)"]
[EventRounds "6"]
[EventCountry "GER"]
[SourceTitle "Corr 2022"]
[Source "ChessBase"]
[SourceDate "2021.10.24"]
[SourceVersion "1"]
[SourceVersionDate "2021.10.24"]
[SourceQuality "1"]

1. e4 e5 2. Nf3 Nf6 3. Nc3 Nc6 4. Bb5 Nd4 5. Bc4 Bc5 6. Nxe5 d5 7. Bxd5 Nxd5 8. Nxd5 0-0 9. c3 Re8 10. cxd4 Bxd4 11. 0-0 Rxe5 12. d3 c6 13. Nf4 b6 14. Qc2 Rc5 15. Qe2 Ba6 16. Be3 Rb5 17. Bxd4 Qxd4 18. b3 Re5 19. Rad1 Rd8 20. Rfe1 c5 21. Qe3 Qxe3 22. Rxe3 f5 23. Nd5 Rd7 24. h3 Kf8 25. Nc3 h6 26. Rf3 g6 27. g4 Kg7 28. gxf5 gxf5 29. Re3 Re6 30. Kh2 Kf8 31. Rf3 Rf6 32. e5 Bb7 33. Rg3 f4 34. Rg4 Rf5 35. e6 Re7 36. Rg6 Rg7 37. Rdg1 Rxg6 38. Rxg6 Bf3 39. h4 Bh5 40. e7+ Kxe7 41. Rxh6 Bf3 42. Ne4 Be2 43. Kg2 Rd5 44. Ng5 Bxd3 45. Kf3 Kd7 46. Kxf4 Bb1 47. a3 Bc2 48. Nf3 Bxb3 49. Ne5+ Ke7 50. h5 Ba4 51. Ke4 Rd1 52. f3 1/2-1/2

[Event "SA-2020-0-00720"]
[Site "LSS email"]
[Date "2020.04.01"]
[Round "?"]
[White "Silva Filho, Alcindo Luz Bastos"]
[Black "Van Bommel, Ton"]
[Result "1/2-1/2"]
[WhiteElo "2142"]
[BlackElo "2114"]
[PlyCount "52"]
[EventDate "2020.02.23"]
[EventType "tourn (corr)"]
[EventRounds "6"]
[EventCountry "GER"]
[SourceTitle "Corr 2022"]
[Source "ChessBase"]
[SourceDate "2021.10.24"]
[SourceVersion "1"]
[SourceVersionDate "2021.10.24"]
[SourceQuality "1"]

1. e4 c6 2. d4 d5 3. e5 Bf5 4. Nf3 e6 5. a3 Nd7 6. Be2 a6 7. 0-0 c5 8. Be3 Rc8 9. c3 cxd4 10. cxd4 Ne7 11. Nc3 Nc6 12. Bd3 Bxd3 13. Qxd3 Be7 14. Ne2 0-0 15. Rfb1 Re8 16. Ne1 Nb6 17. b3 a5 18. a4 Nd7 19. Qb5 Rc7 20. Rc1 Ndb8 21. Bd2 Rf8 22. Rd1 Rd7 23. Rac1 Ba3 24. Rc3 Na7 25. Qd3 Bb4 26. Rcc1 Nbc6 1/2-1/2

[Event "RA-2020-0-00660"]
[Site "LSS email"]
[Date "2020.03.25"]
[Round "?"]
[White "Catozzi, Mauro"]
[Black "Silva Filho, Alcindo Luz Bastos"]
[Result "1-0"]
[WhiteElo "2129"]
[BlackElo "2142"]
[PlyCount "127"]
[EventDate "2020.01.20"]
[EventType "tourn (corr)"]
[EventRounds "6"]
[EventCountry "GER"]
[SourceTitle "Corr 2022"]
[Source "ChessBase"]
[SourceDate "2021.10.24"]
[SourceVersion "1"]
[SourceVersionDate "2021.10.24"]
[SourceQuality "1"]

1. e4 c5 2. Nf3 Nc6 3. d4 cxd4 4. Nxd4 e6 5. Nc3 Qc7 6. Be3 a6 7. Qd2 Nf6 8. 0-0-0 Bb4 9. f3 Ne5 10. Nb3 b5 11. Qe1 Be7 12. f4 Ng6 13. e5 Ng4 14. Ne4 0-0 15. Bc5 Bb7 16. h3 Nh6 17. Bxe7 Nxe7 18. Bd3 Nd5 19. Qd2 f6 20. exf6 Nxf6 21. Rhe1 Nf5 22. Nec5 Bc6 23. Bxf5 exf5 24. Re5 g6 25. Na5 Be4 26. b4 Rf7 27. g3 Bf3 28. Qd6 Qxd6 29. Rxd6 Ne4 30. Nxe4 Bxe4 31. Kd2 g5 32. fxg5 Bg2 33. h4 f4 34. gxf4 Rxf4 35. Rxd7 Rxh4 36. a3 Be4 37. Rc7 Bg6 38. Kc3 Re8 39. Rec5 Rf4 40. Nc6 Rf3+ 41. Kb2 Rf7 42. Rxf7 Bxf7 43. Ne5 Be6 44. c4 bxc4 45. Kc3 Bh3 46. Kxc4 Bf1+ 47. Kd5 Rf8 48. Nd7 Rf7 49. Rc7 Kg7 50. Kd6 h5 51. g6 Rf5 52. Ne5+ Kg8 53. Rf7 Bh3 54. a4 Rg5 55. Rf3 Bc8 56. Rf4 Rf5 57. Rc4 Bb7 58. Rc7 Be4 59. Nf7 Rf6+ 60. Ke5 Rxg6 61. Kxe4 Rg4+ 62. Kf5 Rxb4 63. Ng5 Rb1 64. Ne6 1-0

[Event "RA-2020-0-00660"]
[Site "LSS email"]
[Date "2020.03.24"]
[Round "?"]
[White "Silva Filho, Alcindo Luz Bastos"]
[Black "Celan, Melissa"]
[Result "1/2-1/2"]
[WhiteElo "2142"]
[BlackElo "2098"]
[PlyCount "56"]
[EventDate "2020.01.20"]
[EventType "tourn (corr)"]
[EventRounds "6"]
[EventCountry "GER"]
[SourceTitle "Corr 2022"]
[Source "ChessBase"]
[SourceDate "2021.10.24"]
[SourceVersion "1"]
[SourceVersionDate "2021.10.24"]
[SourceQuality "1"]

1. e4 g6 2. d4 Bg7 3. Nc3 d6 4. Be3 a6 5. Qd2 b5 6. f3 Nd7 7. Nh3 c5 8. Be2 Bxd4 9. Bxd4 cxd4 10. Qxd4 Ngf6 11. a4 bxa4 12. Nf2 Rb8 13. Nxa4 Qc7 14. Qd2 0-0 15. 0-0 Rd8 16. Rfd1 Bb7 17. Qc3 Rdc8 18. Qxc7 Rxc7 19. Rd2 Rbc8 20. Nc3 Ra8 21. Rd4 Kg7 22. Nfd1 Nb6 23. Ne3 a5 24. Na4 Nfd7 25. Kf2 Rcc8 26. Bb5 Bc6 27. Bxc6 Rxc6 28. g4 e6 1/2-1/2

[Event "SA-2020-0-00719"]
[Site "LSS email"]
[Date "2020.03.22"]
[Round "?"]
[White "Koronowski, Heinz Juergen"]
[Black "Silva Filho, Alcindo Luz Bastos"]
[Result "1-0"]
[WhiteElo "2034"]
[BlackElo "2142"]
[PlyCount "111"]
[EventDate "2020.02.15"]
[EventType "tourn (corr)"]
[EventRounds "6"]
[EventCountry "GER"]
[SourceTitle "Corr 2022"]
[Source "ChessBase"]
[SourceDate "2021.10.24"]
[SourceVersion "1"]
[SourceVersionDate "2021.10.24"]
[SourceQuality "1"]

1. e4 c5 2. Nc3 Nc6 3. f4 g6 4. Nf3 d6 5. Bb5 Bd7 6. 0-0 Bg7 7. Bc4 Na5 8. Be2 Nf6 9. d3 Rc8 10. Qe1 Nc6 11. h3 0-0 12. Be3 e6 13. a4 Ne8 14. Bf2 a6 15. Bd1 Qc7 16. Qd2 Bh6 17. Ne2 Ne5 18. Nh2 f5 19. Be3 Nf7 20. c3 Nf6 21. g4 fxe4 22. g5 exd3 23. Ng3 e5 24. gxf6 d5 25. f5 e4 26. Kg2 Bxe3 27. Qxe3 Rcd8 28. Bb3 c4 29. Bd1 Qd6 30. Ng4 Kh8 31. fxg6 hxg6 32. h4 Be6 33. h5 g5 34. Nf5 Bxf5 35. Rxf5 Qe6 36. Rf2 b6 37. Qd4 Rd6 38. b3 Kh7 39. Rb1 Nh6 40. Ne3 cxb3 41. Rxb3 Rxf6 42. Rxf6 Qxf6 43. Qxf6 Rxf6 44. Nxd5 Re6 45. Ne3 Ng8 46. Kf2 Rd6 47. Rb2 Nf6 48. Ke1 Kh8 49. Kd2 Rc6 50. Rb4 Rd6 51. Rc4 Kh7 52. Rc7+ Kh8 53. Ra7 a5 54. Re7 Nd5 55. Nxd5 Rxd5 56. Rxe4 1-0

[Event "SA-2020-0-00719"]
[Site "LSS email"]
[Date "2020.03.22"]
[Round "?"]
[White "Silva Filho, Alcindo Luz Bastos"]
[Black "Lombart, Philippe"]
[Result "1/2-1/2"]
[WhiteElo "2142"]
[BlackElo "2001"]
[PlyCount "47"]
[EventDate "2020.02.15"]
[EventType "tourn (corr)"]
[EventRounds "6"]
[EventCountry "GER"]
[SourceTitle "Corr 2022"]
[Source "ChessBase"]
[SourceDate "2021.10.24"]
[SourceVersion "1"]
[SourceVersionDate "2021.10.24"]
[SourceQuality "1"]

1. e4 e5 2. Nf3 Nc6 3. Bb5 a6 4. Ba4 Nf6 5. 0-0 Nxe4 6. d4 b5 7. Bb3 d5 8. dxe5 Be6 9. Nbd2 Bc5 10. c3 0-0 11. Qe2 Bf5 12. Nxe4 dxe4 13. Ng5 Nxe5 14. Nxe4 Bg4 15. Qd2 Qxd2 16. Bxd2 Bb6 17. h3 Bf5 18. Ng3 Bg6 19. Kh2 Bd3 20. Rfe1 Nc4 21. Bxc4 Bxc4 22. Be3 Bxe3 23. Rxe3 Rfe8 24. Rxe8+ 1/2-1/2

[Event "RA-2019-0-00634"]
[Site "LSS email"]
[Date "2019.09.01"]
[Round "?"]
[White "Bujdak, Pavel"]
[Black "Silva Filho, Alcindo Luz Bastos"]
[Result "1-0"]
[WhiteElo "2092"]
[BlackElo "2175"]
[PlyCount "81"]
[EventDate "2019.07.22"]
[EventType "tourn (corr)"]
[EventRounds "6"]
[EventCountry "GER"]
[SourceTitle "Corr 2022"]
[Source "ChessBase"]
[SourceDate "2021.10.24"]
[SourceVersion "1"]
[SourceVersionDate "2021.10.24"]
[SourceQuality "1"]

1. e4 c5 2. Nf3 Nc6 3. d4 cxd4 4. Nxd4 e6 5. Nc3 Qc7 6. Be3 a6 7. Qd2 Nf6 8. 0-0-0 Bb4 9. f3 Ne5 10. Nb3 b5 11. Kb1 Be7 12. Qf2 d6 13. Bb6 Qb8 14. Bd4 0-0 15. g4 Bb7 16. g5 Nfd7 17. f4 Nc6 18. Be3 b4 19. Na4 Bd8 20. Bg2 Ne7 21. Nd4 Nc6 22. Ne2 a5 23. Rhe1 Ba6 24. e5 d5 25. f5 Qxe5 26. Nc5 Qc7 27. Nxd7 Qxd7 28. Nf4 Bc7 29. Bc5 Bxf4 30. Bxf8 Rxf8 31. Qxf4 a4 32. Qh4 b3 33. Qxa4 bxc2+ 34. Qxc2 Nd8 35. h4 g6 36. h5 gxh5 37. g6 hxg6 38. fxg6 Kg7 39. gxf7 Rxf7 40. Qc3+ Kh7 41. Re5 1-0

[Event "RA-2019-0-00634"]
[Site "LSS email"]
[Date "2019.09.01"]
[Round "?"]
[White "Sciarretta, Robert W"]
[Black "Silva Filho, Alcindo Luz Bastos"]
[Result "1/2-1/2"]
[WhiteElo "2121"]
[BlackElo "2175"]
[PlyCount "104"]
[EventDate "2019.07.22"]
[EventType "tourn (corr)"]
[EventRounds "6"]
[EventCountry "GER"]
[SourceTitle "Corr 2022"]
[Source "ChessBase"]
[SourceDate "2021.10.24"]
[SourceVersion "1"]
[SourceVersionDate "2021.10.24"]
[SourceQuality "1"]

1. d4 Nf6 2. c4 e6 3. Nf3 b6 4. g3 Ba6 5. b3 Bb4+ 6. Bd2 Be7 7. Bg2 c6 8. 0-0 d5 9. Qc2 Nbd7 10. Rd1 Rc8 11. a4 c5 12. dxc5 Bxc5 13. Qb2 0-0 14. Nc3 Bb7 15. cxd5 a5 16. dxe6 fxe6 17. Ng5 Bxg2 18. Kxg2 Qe8 19. Nce4 h6 20. Nxc5 Rxc5 21. Nf3 Rf5 22. Bc3 e5 23. Nh4 Rh5 24. f3 Qf7 25. Kg1 e4 26. Rf1 Nc5 27. Rad1 Rd5 28. f4 Rxd1 29. Rxd1 Qxb3 30. Qxb3+ Nxb3 31. Ng6 Ra8 32. Rd6 Nc5 33. Ne7+ Kf7 34. Bxf6 gxf6 35. Nd5 Nxa4 36. f5 b5 37. Rxf6+ Kg7 38. Rg6+ Kf7 39. Rxh6 Kg7 40. Rg6+ Kf7 41. Nc7 Rb8 42. Ne6 b4 43. Ng5+ Ke7 44. f6+ Kd6 45. f7+ Ke7 46. Re6+ Kd7 47. Rg6 Ke7 48. Rg8 Rf8 49. Nxe4 b3 50. Rg5 Kxf7 51. Rxa5 b2 52. Ra7+ Kg8 1/2-1/2

[Event "SM-2019-0-00411"]
[Site "LSS email"]
[Date "2019.06.10"]
[Round "?"]
[White "Silva Filho, Alcindo Luz Bastos"]
[Black "Mueller Alves, Martin"]
[Result "1/2-1/2"]
[WhiteElo "2165"]
[BlackElo "2437"]
[PlyCount "69"]
[EventDate "2019.06.08"]
[EventType "tourn (corr)"]
[EventRounds "6"]
[EventCountry "GER"]
[SourceTitle "Corr 2022"]
[Source "ChessBase"]
[SourceDate "2021.10.24"]
[SourceVersion "1"]
[SourceVersionDate "2021.10.24"]
[SourceQuality "1"]

1. e4 c5 2. Nf3 d6 3. d4 cxd4 4. Nxd4 Nf6 5. Nc3 a6 6. f3 e5 7. Nb3 Be6 8. Be3 h5 9. Nd5 Bxd5 10. exd5 Nbd7 11. Qd2 g6 12. Be2 Bg7 13. 0-0 b6 14. a4 0-0 15. c3 Re8 16. h3 Qc8 17. Ra3 Qb7 18. Rd1 Kh7 19. Kh1 Rab8 20. Na1 Ng8 21. Nc2 Ne7 22. Nb4 Nc5 23. Kg1 Kg8 24. Bg5 Ra8 25. Bd3 Rac8 26. Bc2 f5 27. a5 bxa5 28. Rxa5 Nb3 29. Bxb3 Qb6+ 30. Kh1 Qxa5 31. Nc6 Qc7 32. g4 Rb8 33. Ba4 hxg4 34. hxg4 a5 35. Nxb8 1/2-1/2

[Event "SM-2019-0-00411"]
[Site "LSS email"]
[Date "2019.06.09"]
[Round "?"]
[White "Susla, Vitaliy"]
[Black "Silva Filho, Alcindo Luz Bastos"]
[Result "1-0"]
[WhiteElo "2280"]
[BlackElo "2165"]
[PlyCount "77"]
[EventDate "2019.06.08"]
[EventType "tourn (corr)"]
[EventRounds "6"]
[EventCountry "GER"]
[SourceTitle "Corr 2022"]
[Source "ChessBase"]
[SourceDate "2021.10.24"]
[SourceVersion "1"]
[SourceVersionDate "2021.10.24"]
[SourceQuality "1"]

1. e4 c5 2. Nf3 Nc6 3. d4 cxd4 4. Nxd4 e6 5. Nc3 Qc7 6. Be3 a6 7. Be2 Nf6 8. 0-0 Be7 9. f4 d6 10. Qe1 0-0 11. Kh1 Bd7 12. Qg3 Rac8 13. Rad1 Kh8 14. Nf3 Nb4 15. e5 dxe5 16. fxe5 Nfd5 17. Bd2 Bc6 18. Nd4 Nxc3 19. bxc3 Nxa2 20. c4 Be4 21. c3 Qb6 22. Rf4 Bb1 23. h4 Rcd8 24. h5 Rd7 25. Kh2 Qb2 26. Bg4 h6 27. Qf3 Kg8 28. Nxe6 Rd3 29. Qf1 Nxc3 30. Bxc3 Rxd1 31. Bxb2 Rxf1 32. Rxf1 Bd3 33. Rd1 Bxc4 34. Nxf8 Kxf8 35. Rd7 b6 36. Rb7 Bc5 37. e6 fxe6 38. Bxg7+ Kg8 39. Bxh6 1-0

[Event "RA-2019-0-00622"]
[Site "LSS email"]
[Date "2019.04.17"]
[Round "?"]
[White "Misericordia, Antonio"]
[Black "Silva Filho, Alcindo Luz Bastos"]
[Result "1-0"]
[WhiteElo "2366"]
[BlackElo "2153"]
[PlyCount "109"]
[EventDate "2019.03.08"]
[EventType "tourn (corr)"]
[EventRounds "6"]
[EventCountry "GER"]
[SourceTitle "Corr 2022"]
[Source "ChessBase"]
[SourceDate "2021.10.24"]
[SourceVersion "1"]
[SourceVersionDate "2021.10.24"]
[SourceQuality "1"]

1. d4 Nf6 2. Nf3 e6 3. c4 b6 4. g3 Bb7 5. Bg2 Be7 6. 0-0 0-0 7. Re1 Na6 8. Ne5 Bxg2 9. Kxg2 Qb8 10. e4 c5 11. Bf4 Bd6 12. Nc3 cxd4 13. Qxd4 Bc5 14. Qd1 Qb7 15. Bg5 Be7 16. Ng4 Nd5 17. exd5 Bxg5 18. f4 Bd8 19. Rc1 f5 20. Ne5 Bf6 21. Qf3 Bxe5 22. Rxe5 Nc7 23. Rd1 Rae8 24. dxe6 Qxf3+ 25. Kxf3 dxe6 26. Rd7 Rc8 27. Re2 Rf7 28. Red2 Re8 29. a4 Rfe7 30. Nb5 Nxb5 31. axb5 Kf7 32. b3 g6 33. Ke3 Rc8 34. Rxe7+ Kxe7 35. Kd4 Rd8+ 36. Kc3 Rc8 37. b4 Rc7 38. h4 Rb7 39. Rd1 Rc7 40. h5 Kf6 41. hxg6 hxg6 42. Rd6 g5 43. Rd8 Kf7 44. fxg5 Ke7 45. Rg8 Kd6 46. Kd4 e5+ 47. Kd3 e4+ 48. Kd4 e3 49. Rd8+ Ke7 50. Rd5 e2 51. Re5+ Kd8 52. Rxe2 Rg7 53. Re3 Rxg5 54. Ke5 Kd7 55. Kf6 1-0

[Event "RA-2019-0-00622"]
[Site "LSS email"]
[Date "2019.04.17"]
[Round "?"]
[White "Silva Filho, Alcindo Luz Bastos"]
[Black "Jarabinsky, Martin"]
[Result "1/2-1/2"]
[WhiteElo "2153"]
[BlackElo "2310"]
[PlyCount "87"]
[EventDate "2019.03.08"]
[EventType "tourn (corr)"]
[EventRounds "6"]
[EventCountry "GER"]
[SourceTitle "Corr 2022"]
[Source "ChessBase"]
[SourceDate "2021.10.24"]
[SourceVersion "1"]
[SourceVersionDate "2021.10.24"]
[SourceQuality "1"]

1. e4 c6 2. d4 d5 3. exd5 cxd5 4. c4 e6 5. Nf3 Nf6 6. Nc3 Bb4 7. Bd3 dxc4 8. Bxc4 0-0 9. 0-0 b6 10. Re1 Bb7 11. Bd3 h6 12. Be3 Nc6 13. a3 Bd6 14. Qd2 Re8 15. Rad1 Ne7 16. Ne5 Nf5 17. Qc2 Nxe3 18. Rxe3 a6 19. a4 Re7 20. Qe2 Rc7 21. Rg3 Be7 22. h3 Kf8 23. Kh2 Qd6 24. Be4 Bxe4 25. Nxe4 Qd5 26. Nc3 Qb7 27. Rgd3 Bd6 28. g3 Rd8 29. d5 Bxe5 30. Qxe5 Rcd7 31. d6 Kg8 32. R1d2 Rc8 33. Qd4 a5 34. f3 Rc5 35. Qe3 Qc6 36. Nb5 Rd8 37. Qe2 Nd7 38. b3 Ne5 39. Re3 Nd7 40. Kg2 Nf6 41. Red3 Nd7 42. Rd1 Nf6 43. Kh2 Nd7 44. R3d2 1/2-1/2

[Event "RA-2019-0-00622"]
[Site "LSS email"]
[Date "2019.04.17"]
[Round "?"]
[White "Willmann, Bernd"]
[Black "Silva Filho, Alcindo Luz Bastos"]
[Result "1/2-1/2"]
[WhiteElo "2258"]
[BlackElo "2153"]
[PlyCount "111"]
[EventDate "2019.03.08"]
[EventType "tourn (corr)"]
[EventRounds "6"]
[EventCountry "GER"]
[SourceTitle "Corr 2022"]
[Source "ChessBase"]
[SourceDate "2021.10.24"]
[SourceVersion "1"]
[SourceVersionDate "2021.10.24"]
[SourceQuality "1"]

1. d4 Nf6 2. c4 e6 3. Nc3 Bb4 4. e3 c5 5. Bd3 0-0 6. Nf3 d5 7. 0-0 Nc6 8. cxd5 exd5 9. dxc5 Bxc5 10. h3 a6 11. b3 Qe7 12. Bb2 Rd8 13. Ne2 Be6 14. a3 Bd6 15. b4 Bd7 16. Rc1 Ne5 17. Nxe5 Bxe5 18. Qc2 Rac8 19. Qb1 Ne4 20. Bxe5 Qxe5 21. Rfd1 Bc6 22. Bxe4 dxe4 23. Rc5 Qe8 24. Rxd8 Rxd8 25. Nd4 Bd5 26. Qd1 g6 27. Qg4 Qe5 28. Qh4 Qd6 29. Qg5 f6 30. Qg4 Kf7 31. h4 h5 32. Qe2 Rd7 33. Qc2 Kg7 34. Rc8 Re7 35. Qd1 Kh7 36. Qc2 Kg7 37. Qc5 Qxc5 38. Rxc5 Rd7 39. Kh2 Kf7 40. Kg3 g5 41. a4 Ke7 42. a5 Kd6 43. Rc8 Bf7 44. Rc5 Bd5 45. Kh2 Rf7 46. Ne2 Rg7 47. Ng3 Rh7 48. Ne2 Rg7 49. Ng3 Rh7 50. Nf5+ Ke5 51. Nd4 Kd6 52. Kh3 Rf7 53. Rc8 Be6+ 54. Nxe6 Kxe6 55. Rc5 Rg7 56. hxg5 1/2-1/2